[Event "Campeonato Absoluto de Catalunya 2005"]
[Site "Barcelona ESP"]
[Date "2005.03.23"]
[Round "4.1"]
[White "Moskalenko, Viktor"]
[Black "Gual Pascual, Antonio"]
[Result "1-0"]
[WhiteElo "2530"]
[BlackElo "2421"]
[PlyCount "63"]
[EventDate "2005.03.20"]
[EventType "swiss"]
[EventRounds "9"]
[EventCountry "ESP"]
[Source "lmi"]
[SourceDate "2005.03.29"]

1. d4 c5 2. d5 d6 3. e4 Nf6 4. Nc3 g6 5. Nf3 Bg7 6. Be2 O-O 7. O-O Na6 8. h3
Nc7 9. Re1 Re8 10. Bf4 a6 11. a4 b6 12. Bc4 Bb7 13. Qd3 Ra7 14. Rad1 Nh5 15.
Bh2 Bxc3 16. Qxc3 b5 17. Ba2 f6 18. Qe3 Ra8 19. c4 Bc8 20. e5 fxe5 21. Nxe5
dxe5 22. cxb5 axb5 23. d6+ c4 24. dxc7 Qxc7 25. b3 e6 26. Bxe5 Qa7 27. Bd4 Qf7
28. bxc4 Rxa4 29. Bb3 Rxc4 30. Bxc4 bxc4 31. Qe5 Ng7 32. Bc3 1-0

[Event "Campeonato Absoluto de Catalunya 2005"]
[Site "Barcelona ESP"]
[Date "2005.03.23"]
[Round "4.2"]
[White "Gonzalez Rodriguez, Jorge A"]
[Black "Gonzalez Garcia, Jose"]
[Result "1-0"]
[WhiteElo "2367"]
[BlackElo "2470"]
[PlyCount "105"]
[EventDate "2005.03.20"]
[EventType "swiss"]
[EventRounds "9"]
[EventCountry "ESP"]
[Source "lmi"]
[SourceDate "2005.03.29"]

1. b3 d5 2. e3 Nf6 3. Bb2 e6 4. Nf3 Be7 5. d4 O-O 6. Bd3 c5 7. dxc5 Bxc5 8. a3
Qe7 9. O-O Bd6 10. Nbd2 Nbd7 11. c4 e5 12. Be2 e4 13. Nd4 Nb6 14. cxd5 Nbxd5
15. Nc4 Bb8 16. Rc1 Rd8 17. Re1 Qc7 18. g3 Bh3 19. Qc2 a6 20. b4 Qe7 21. Red1
Ba7 22. Qb3 h5 23. b5 axb5 24. Nxb5 Bc5 25. Rd2 h4 26. Rcd1 Be6 27. Nd4 Bd7 28.
Nb5 Be6 29. Qc2 Rdc8 30. Qb1 Rd8 31. Bd4 Bd7 32. Be5 Bc6 33. gxh4 Nh7 34. Bg3
Bxb5 35. Qxb5 Nc3 36. Rxd8+ Rxd8 37. Rxd8+ Qxd8 38. Qb2 Nxe2+ 39. Qxe2 Qd5 40.
a4 Be7 41. Qc2 Qc6 42. Qb3 Qd5 43. Kg2 Nf6 44. h3 Kf8 45. Qb5 Qe6 46. Na5 b6
47. Nc6 Qa2 48. Qe5 Bc5 49. a5 Qa4 50. Qb8+ Ne8 51. axb6 Qxc6 52. b7 Qb5 53.
Qa8 1-0

[Event "Campeonato Absoluto de Catalunya 2005"]
[Site "Barcelona ESP"]
[Date "2005.03.23"]
[Round "4.3"]
[White "Rahal, Michael"]
[Black "Fluvia Poyatos, Jordi"]
[Result "1/2-1/2"]
[WhiteElo "2431"]
[BlackElo "2399"]
[PlyCount "37"]
[EventDate "2005.03.20"]
[EventType "swiss"]
[EventRounds "9"]
[EventCountry "ESP"]
[Source "lmi"]
[SourceDate "2005.03.29"]

1. e4 e6 2. d4 d5 3. Nc3 Bb4 4. e5 b6 5. a3 Bf8 6. h4 h5 7. Bg5 Be7 8. Nf3 c6
9. b4 Nh6 10. Bxh6 Rxh6 11. g3 Ba6 12. b5 cxb5 13. Nxb5 Qd7 14. Rb1 Kf8 15. Qd2
Nc6 16. Bd3 Na5 17. a4 Nc4 18. Qe2 Bb7 19. O-O 1/2-1/2

[Event "Campeonato Absoluto de Catalunya 2005"]
[Site "Barcelona ESP"]
[Date "2005.03.23"]
[Round "4.4"]
[White "Hernando Rodrigo, Julio A"]
[Black "Muñoz Pantoja, Miguel"]
[Result "1/2-1/2"]
[WhiteElo "2352"]
[BlackElo "2424"]
[PlyCount "60"]
[EventDate "2005.03.20"]
[EventType "swiss"]
[EventRounds "9"]
[EventCountry "ESP"]
[Source "lmi"]
[SourceDate "2005.03.29"]

1. d4 c5 2. d5 Nf6 3. c4 e6 4. Nc3 exd5 5. cxd5 d6 6. Nf3 g6 7. e4 Bg7 8. h3
O-O 9. Bd3 b5 10. Bxb5 Nxe4 11. Nxe4 Qa5+ 12. Nfd2 Qxb5 13. Nxd6 Qa6 14. N2c4
Nd7 15. O-O Ne5 16. Nxe5 Bxe5 17. Nxc8 Raxc8 18. Qf3 Rfd8 19. Bg5 f6 20. Bf4
Bxf4 21. Qxf4 Rxd5 22. Rad1 Qxa2 23. Qxf6 Rf5 24. Qc3 Qf7 25. Rd6 Rf8 26. f3
Qg7 27. Ra1 Qc7 28. Rad1 Qg7 29. Ra1 Qc7 30. Rad1 Qg7 1/2-1/2

[Event "Campeonato Absoluto de Catalunya 2005"]
[Site "Barcelona ESP"]
[Date "2005.03.23"]
[Round "4.5"]
[White "Parligras, Mircea"]
[Black "Hernando Rodrigo, Jose Maria"]
[Result "1-0"]
[WhiteElo "2567"]
[BlackElo "2358"]
[PlyCount "41"]
[EventDate "2005.03.20"]
[EventType "swiss"]
[EventRounds "9"]
[EventCountry "ESP"]
[Source "lmi"]
[SourceDate "2005.03.29"]

1. e4 d5 2. exd5 Qxd5 3. Nc3 Qa5 4. d4 Nf6 5. Nf3 Bg4 6. h3 Bh5 7. g4 Bg6 8. b4
Qb6 9. Bg2 e6 10. a3 Nbd7 11. O-O Qc6 12. Bb2 Ne4 13. d5 exd5 14. Nxd5 Bd6 15.
Nh4 Kf8 16. Nxg6+ hxg6 17. Bxe4 Rxh3 18. Nf6 Qb5 19. Qd5 Qe2 20. Nxd7+ Ke7 21.
Ne5 1-0

[Event "Campeonato Absoluto de Catalunya 2005"]
[Site "Barcelona ESP"]
[Date "2005.03.23"]
[Round "4.6"]
[White "Narciso Dublan, Marc"]
[Black "Simon Padros, Emili"]
[Result "1-0"]
[WhiteElo "2458"]
[BlackElo "2274"]
[PlyCount "75"]
[EventDate "2005.03.20"]
[EventType "swiss"]
[EventRounds "9"]
[EventCountry "ESP"]
[Source "lmi"]
[SourceDate "2005.03.29"]

1. d4 e6 2. c4 f5 3. Nc3 Nf6 4. Nf3 d5 5. Bf4 c6 6. e3 Be7 7. Qc2 O-O 8. Bd3
Ne4 9. g4 Bb4 10. gxf5 exf5 11. cxd5 cxd5 12. Ke2 Bxc3 13. bxc3 Nc6 14. Rhg1
Re8 15. Rg2 Be6 16. Rag1 g6 17. Rc1 Rc8 18. Qb2 Qa5 19. Qxb7 Qxa2+ 20. Kf1 Nd2+
21. Nxd2 Qxd2 22. Qb1 Nb4 23. Bb5 Na2 24. Re1 Nxc3 25. Qb4 Rb8 26. Bxb8 Rxb8
27. Qd6 Rxb5 28. Qxe6+ Kf8 29. Qf6+ Kg8 30. h4 Qxe1+ 31. Kxe1 Rb1+ 32. Kd2 Ne4+
33. Kc2 Nxf6 34. Kxb1 Kg7 35. f3 Kh6 36. Ra2 Kh5 37. Ra6 Ne8 38. Re6 1-0

[Event "Campeonato Absoluto de Catalunya 2005"]
[Site "Barcelona ESP"]
[Date "2005.03.23"]
[Round "4.7"]
[White "Garcia Jimenez, Fransisco Javier"]
[Black "Barrientos, Sergio"]
[Result "0-1"]
[WhiteElo "2242"]
[BlackElo "2432"]
[PlyCount "94"]
[EventDate "2005.03.20"]
[EventType "swiss"]
[EventRounds "9"]
[EventCountry "ESP"]
[Source "lmi"]
[SourceDate "2005.03.29"]

1. e4 c5 2. Nc3 Nc6 3. g3 g6 4. Bg2 Bg7 5. Nge2 e6 6. d3 Nge7 7. O-O d6 8. Be3
Rb8 9. Qd2 h6 10. d4 b6 11. dxc5 bxc5 12. b3 Ba6 13. Rad1 Qa5 14. Rfe1 Rd8 15.
a4 Qb4 16. Na2 Qa3 17. Nec1 c4 18. Bxa7 O-O 19. Bb6 Rd7 20. Ba5 d5 21. Bb4 Nxb4
22. Qxb4 Qb2 23. Qb6 Bb7 24. exd5 Bxd5 25. Bxd5 Rxd5 26. Rxd5 Nxd5 27. Qb5 cxb3
28. cxb3 Rc8 29. Qd3 Rc2 30. Re2 Rxc1+ 31. Nxc1 Qxc1+ 32. Kg2 h5 33. h4 Qa1 34.
Rc2 Bc3 35. Qc4 Bb4 36. Qc8+ Kg7 37. Qc4 Qd1 38. Qe4 Qa1 39. Rc4 Bc3 40. Rc8
Qb2 41. Rb8 Bd4 42. Qf3 Ne3+ 43. Kh3 Ng4 44. Qg2 Nxf2+ 45. Kh2 Qb1 46. Rb7 Ng4+
47. Kh3 Qf5 0-1

[Event "Campeonato Absoluto de Catalunya 2005"]
[Site "Barcelona ESP"]
[Date "2005.03.23"]
[Round "4.8"]
[White "Alonso Moyano, Jonathan"]
[Black "Pascual Genoves, Marc"]
[Result "1-0"]
[WhiteElo "2422"]
[BlackElo "2202"]
[PlyCount "90"]
[EventDate "2005.03.20"]
[EventType "swiss"]
[EventRounds "9"]
[EventCountry "ESP"]
[Source "lmi"]
[SourceDate "2005.03.29"]

1. e4 e5 2. Nc3 Nf6 3. Bc4 Nc6 4. d3 Na5 5. a3 Nxc4 6. dxc4 c6 7. Nf3 d6 8. h3
Qc7 9. Qe2 Be7 10. Be3 a6 11. a4 a5 12. g4 b6 13. Nd2 Be6 14. g5 Nd7 15. h4 Nc5
16. Nb3 O-O-O 17. f4 exf4 18. Bxf4 Nxb3 19. cxb3 Kb7 20. O-O-O Rhe8 21. Qh2 Rd7
22. Rd3 Red8 23. Rhd1 g6 24. Kb1 Bf8 25. R1d2 Be7 26. Qf2 Bf8 27. Rc2 Rc8 28.
Bh2 Qd8 29. Rc1 Qc7 30. Na2 Ra8 31. Qd2 Qd8 32. Nc3 Rc8 33. Rf1 Rcc7 34. Rdf3
Bg4 35. R3f2 Be6 36. Nd1 Kc8 37. Ne3 h6 38. Nf5 hxg5 39. hxg5 gxf5 40. exf5
Bxf5+ 41. Rxf5 Kb7 42. Qf2 Bg7 43. Qg2 Qe7 44. Ka2 Rc8 45. Qd2 Rcd8 1-0

[Event "Campeonato Absoluto de Catalunya 2005"]
[Site "Barcelona ESP"]
[Date "2005.03.23"]
[Round "4.9"]
[White "Granados Gomez, Manuel"]
[Black "Losada Cabrera, Francisco Javier"]
[Result "1-0"]
[WhiteElo "2414"]
[BlackElo "2196"]
[PlyCount "85"]
[EventDate "2005.03.20"]
[EventType "swiss"]
[EventRounds "9"]
[EventCountry "ESP"]
[Source "lmi"]
[SourceDate "2005.03.29"]

1. c4 c6 2. d4 d5 3. cxd5 cxd5 4. Nc3 Nf6 5. Nf3 Nc6 6. g3 e6 7. Bg2 Bd6 8. O-O
O-O 9. Bf4 Bxf4 10. gxf4 b5 11. Ne5 Qb6 12. e3 Ba6 13. Kh1 Rac8 14. Rg1 b4 15.
Na4 Qd8 16. Nc5 Bb5 17. Bh3 Qe7 18. Qf3 Nxe5 19. fxe5 Nd7 20. Nxd7 Bxd7 21. Qf6
Qxf6 22. exf6 g6 23. Rgc1 Rxc1+ 24. Rxc1 Rc8 25. Rxc8+ Bxc8 26. Bf1 Bd7 27. Kg2
Kf8 28. Kg3 Bc6 29. Kf4 Ke8 30. h4 h6 31. Ke5 Kd7 32. f4 a5 33. Be2 Ba4 34. b3
Bc6 35. h5 gxh5 36. Bxh5 Ke8 37. f5 exf5 38. Kd6 Bb5 39. Kc5 Bd3 40. Kb6 f4 41.
exf4 Bg6 42. Bf3 Be4 43. Bg4 1-0

[Event "Campeonato Absoluto de Catalunya 2005"]
[Site "Barcelona ESP"]
[Date "2005.03.23"]
[Round "4.10"]
[White "Perpinya Rofes, Lluis Maria"]
[Black "Lacasta Palacios, Joaquim"]
[Result "1-0"]
[WhiteElo "2389"]
[BlackElo "2156"]
[PlyCount "67"]
[EventDate "2005.03.20"]
[EventType "swiss"]
[EventRounds "9"]
[EventCountry "ESP"]
[Source "lmi"]
[SourceDate "2005.03.29"]

1. e4 c5 2. Nf3 Nc6 3. d4 cxd4 4. Nxd4 e6 5. Nc3 Qc7 6. Be2 a6 7. O-O Nf6 8.
Kh1 Nxd4 9. Qxd4 Bc5 10. Qd3 h5 11. Bg5 Ng4 12. f4 b5 13. e5 Bb7 14. Bf3 Bxf3
15. Qxf3 Rc8 16. Ne4 Ne3 17. Nd6+ Bxd6 18. Qxe3 Bc5 19. Qg3 g6 20. Bf6 Rf8 21.
a4 b4 22. a5 Qb7 23. Rad1 Rc6 24. Qd3 d5 25. exd6 Kd7 26. Qe4 Qb8 27. Rd3 Rfc8
28. Rfd1 Qb5 29. f5 gxf5 30. Qh4 Qxa5 31. Qxh5 Rxd6 32. Qxf7+ Kc6 33. Rxd6+
Bxd6 34. Qxe6 1-0

[Event "Campeonato Absoluto de Catalunya 2005"]
[Site "Barcelona ESP"]
[Date "2005.03.24"]
[Round "5.1"]
[White "Gonzalez Rodriguez, Jorge A"]
[Black "Moskalenko, Viktor"]
[Result "0-1"]
[WhiteElo "2367"]
[BlackElo "2530"]
[PlyCount "36"]
[EventDate "2005.03.20"]
[EventType "swiss"]
[EventRounds "9"]
[EventCountry "ESP"]
[Source "lmi"]
[SourceDate "2005.03.29"]

1. c4 e5 2. Nc3 c5 3. g3 Nc6 4. Bg2 d6 5. e3 g6 6. Nge2 Bg7 7. a3 Nge7 8. Rb1
a5 9. O-O O-O 10. d3 Rb8 11. Bd2 b6 12. e4 h6 13. Nb5 f5 14. f4 fxe4 15. dxe4
Be6 16. b3 Qd7 17. Nec3 Nd4 18. Be3 Nec6 0-1

[Event "Campeonato Absoluto de Catalunya 2005"]
[Site "Barcelona ESP"]
[Date "2005.03.24"]
[Round "5.2"]
[White "Fluvia Poyatos, Jordi"]
[Black "Parligras, Mircea"]
[Result "1/2-1/2"]
[WhiteElo "2399"]
[BlackElo "2567"]
[PlyCount "52"]
[EventDate "2005.03.20"]
[EventType "swiss"]
[EventRounds "9"]
[EventCountry "ESP"]
[Source "lmi"]
[SourceDate "2005.03.29"]

1. e4 c5 2. Nf3 d6 3. d4 cxd4 4. Nxd4 Nf6 5. Nc3 a6 6. Be3 e5 7. Nb3 Be6 8. f3
Be7 9. Qd2 O-O 10. O-O-O Nbd7 11. g4 b5 12. g5 b4 13. Ne2 Ne8 14. f4 a5 15. f5
a4 16. fxe6 axb3 17. exf7+ Rxf7 18. cxb3 Rxa2 19. Kb1 Qa8 20. Ng3 Rxf1 21.
Rhxf1 Ra1+ 22. Kc2 Qc6+ 23. Kd3 Qb5+ 24. Kc2 Qc6+ 25. Kd3 Qa6+ 26. Kc2 Qc6+
1/2-1/2

[Event "Campeonato Absoluto de Catalunya 2005"]
[Site "Barcelona ESP"]
[Date "2005.03.24"]
[Round "5.3"]
[White "Perpinya Rofes, Lluis Maria"]
[Black "Narciso Dublan, Marc"]
[Result "1/2-1/2"]
[WhiteElo "2389"]
[BlackElo "2458"]
[PlyCount "150"]
[EventDate "2005.03.20"]
[EventType "swiss"]
[EventRounds "9"]
[EventCountry "ESP"]
[Source "lmi"]
[SourceDate "2005.03.29"]

1. e4 e6 2. d4 d5 3. Nc3 Nf6 4. e5 Nfd7 5. f4 c5 6. Nf3 Nc6 7. Be3 cxd4 8. Nxd4
Bc5 9. Qd2 O-O 10. O-O-O a6 11. Qf2 Bxd4 12. Bxd4 b5 13. Be3 Bb7 14. Bd3 f6 15.
Qh4 g6 16. Qh3 Qe7 17. exf6 Nxf6 18. Ne2 e5 19. fxe5 Nxe5 20. Bd4 Nc6 21. Rhf1
Rae8 22. Qh4 Nxd4 23. Nxd4 Qe3+ 24. Kb1 Ne4 25. Rxf8+ Rxf8 26. Nf3 Bc8 27. a3
Bf5 28. Re1 Qc5 29. Qh6 Rc8 30. g4 Bxg4 31. Ng5 Qc7 32. Nxe4 dxe4 33. Bxe4 Qf7
34. Qg5 Be6 35. Qe5 Rd8 36. b3 Bf5 37. Bxf5 Qxf5 38. Qe6+ Qxe6 39. Rxe6 Rd2 40.
Rxa6 Rxh2 41. a4 bxa4 42. b4 Kf7 43. b5 Ke7 44. c4 Rh4 45. Rxa4 Kd7 46. Kc2 g5
47. Kd3 h5 48. Ra7+ Kd6 49. Rg7 Rh3+ 50. Kd4 Rh4+ 51. Kc3 Rh3+ 52. Kb4 g4 53.
c5+ Kd5 54. Rg5+ Ke6 55. c6 g3 56. c7 Rh4+ 57. Kc5 Kd7 58. b6 Rh1 59. Rd5+ Ke7
60. b7 g2 61. c8=Q g1=Q+ 62. Kc6 Qg6+ 63. Kc5 Rc1+ 64. Kd4 Qb6+ 65. Qc5+ Rxc5
66. Rxc5 Qxb7 67. Rd5 Qxd5+ 68. Kxd5 Kf6 69. Ke4 Kg5 70. Kf3 Kh4 71. Kg2 Kg4
72. Kg1 h4 73. Kh1 Kg3 74. Kg1 h3 75. Kh1 Kg4 1/2-1/2

[Event "Campeonato Absoluto de Catalunya 2005"]
[Site "Barcelona ESP"]
[Date "2005.03.24"]
[Round "5.4"]
[White "Barrientos, Sergio"]
[Black "Hernando Rodrigo, Julio A"]
[Result "1-0"]
[WhiteElo "2432"]
[BlackElo "2352"]
[PlyCount "77"]
[EventDate "2005.03.20"]
[EventType "swiss"]
[EventRounds "9"]
[EventCountry "ESP"]
[Source "lmi"]
[SourceDate "2005.03.29"]

1. e4 d5 2. exd5 Qxd5 3. Nc3 Qa5 4. Bc4 Nf6 5. d3 c6 6. Qe2 Nbd7 7. Bd2 Qe5 8.
Be3 Nb6 9. Bb3 Nbd5 10. Nf3 Qc7 11. Bd2 Bg4 12. h3 Bxf3 13. Qxf3 Qe5+ 14. Qe2
Qxe2+ 15. Kxe2 e6 16. Ne4 Nxe4 17. dxe4 Nf6 18. e5 Ne4 19. Be3 Bc5 20. c3 Rd8
21. Bc2 Bxe3 22. Kxe3 Nc5 23. f4 Ke7 24. a4 a5 25. b4 Na6 26. Be4 Rd7 27. Rhb1
axb4 28. cxb4 Rhd8 29. b5 Nc5 30. bxc6 Rd4 31. Rxb7+ Ke8 32. Bf3 Rd3+ 33. Kf2
Nxb7 34. cxb7 Kd7 35. a5 Kc7 36. a6 Kb6 37. Be4 Rd2+ 38. Ke3 Ka7 39. b8=Q+ 1-0

[Event "Campeonato Absoluto de Catalunya 2005"]
[Site "Barcelona ESP"]
[Date "2005.03.24"]
[Round "5.5"]
[White "Panelo, Marcelo"]
[Black "Rahal, Michael"]
[Result "1-0"]
[WhiteElo "2379"]
[BlackElo "2431"]
[PlyCount "77"]
[EventDate "2005.03.20"]
[EventType "swiss"]
[EventRounds "9"]
[EventCountry "ESP"]
[Source "lmi"]
[SourceDate "2005.03.29"]

1. d4 e6 2. c4 Nf6 3. Nf3 b6 4. Nc3 Bb4 5. Qb3 a5 6. Bg5 Bb7 7. a3 a4 8. Qc2
Bxc3+ 9. Qxc3 d6 10. e3 Nbd7 11. Bd3 Ra5 12. Bh4 Qa8 13. O-O-O O-O 14. Nd2 Ne4
15. Nxe4 Bxe4 16. f3 Bxd3 17. Qxd3 b5 18. c5 dxc5 19. dxc5 Nxc5 20. Qc3 Nb3+
21. Kb1 c5 22. Bf6 b4 23. Qc4 gxf6 24. Rd7 Rd8 25. Rhd1 Rxd7 26. Rxd7 Kf8 27.
Qf4 Ra7 28. Qd6+ Kg7 29. Rd8 Qd5 30. Qf8+ Kg6 31. Rxd5 exd5 32. axb4 cxb4 33.
Qxb4 Ra5 34. Qg4+ Kh6 35. h4 Nd2+ 36. Ka2 Nc4 37. Qg8 Nxe3 38. Qxf7 Ra6 39.
Qf8+ 1-0

[Event "Campeonato Absoluto de Catalunya 2005"]
[Site "Barcelona ESP"]
[Date "2005.03.24"]
[Round "5.6"]
[White "Muñoz Pantoja, Miguel"]
[Black "Iglesias, Jorge"]
[Result "1-0"]
[WhiteElo "2424"]
[BlackElo "2351"]
[PlyCount "39"]
[EventDate "2005.03.20"]
[EventType "swiss"]
[EventRounds "9"]
[EventCountry "ESP"]
[Source "lmi"]
[SourceDate "2005.03.29"]

1. e4 c6 2. Nc3 d5 3. Nf3 dxe4 4. Nxe4 Bf5 5. Ng3 Bg6 6. h4 h6 7. Ne5 Bh7 8.
Qh5 g6 9. Bc4 e6 10. Qe2 Qd6 11. d4 Nf6 12. c3 Bg7 13. Bf4 Qe7 14. Qd2 h5 15.
Bg5 Qc7 16. Qf4 Nd5 17. Bxd5 Bxe5 18. dxe5 cxd5 19. Bf6 Rf8 20. Qh6 1-0

[Event "Campeonato Absoluto de Catalunya 2005"]
[Site "Barcelona ESP"]
[Date "2005.03.24"]
[Round "5.7"]
[White "Mela, Benjamin"]
[Black "Alonso Moyano, Jonathan"]
[Result "1/2-1/2"]
[WhiteElo "2328"]
[BlackElo "2422"]
[PlyCount "95"]
[EventDate "2005.03.20"]
[EventType "swiss"]
[EventRounds "9"]
[EventCountry "ESP"]
[Source "lmi"]
[SourceDate "2005.03.29"]

1. e4 c5 2. Nf3 d6 3. d4 cxd4 4. Nxd4 Nf6 5. Nc3 g6 6. Be3 Bg7 7. f3 Nc6 8. Bc4
O-O 9. Qd2 Nd7 10. O-O-O Nb6 11. Bb3 Na5 12. Qe2 Bd7 13. Nd5 e6 14. Nxb6 axb6
15. Kb1 Nxb3 16. Nxb3 Bc6 17. h4 Qc7 18. h5 d5 19. hxg6 fxg6 20. Bd4 dxe4 21.
fxe4 e5 22. Bc3 Rf4 23. Nd2 Qf7 24. b3 h5 25. Rdf1 b5 26. g3 Rxf1+ 27. Rxf1 Qe7
28. Bb2 Rf8 29. Rxf8+ Qxf8 30. Nf3 Qb4 31. Ng5 Bf6 32. Bc1 Qe7 33. Nh3 Qe6 34.
Nf2 Be8 35. Nd1 g5 36. Ne3 Bg6 37. Nd5 Bd8 38. Qf3 Qf7 39. Qg2 Qh7 40. Qh3 g4
41. Qf1 Qf7 42. Qxb5 Bxe4 43. Nc3 Bg6 44. Qxe5 Bf6 45. Qc5 h4 46. gxh4 g3 47.
h5 Bxh5 48. Ne4 1/2-1/2

[Event "Campeonato Absoluto de Catalunya 2005"]
[Site "Barcelona ESP"]
[Date "2005.03.24"]
[Round "5.8"]
[White "Martorell Aguado, Joan"]
[Black "Granados Gomez, Manuel"]
[Result "0-1"]
[WhiteElo "2112"]
[BlackElo "2414"]
[PlyCount "142"]
[EventDate "2005.03.20"]
[EventType "swiss"]
[EventRounds "9"]
[EventCountry "ESP"]
[Source "lmi"]
[SourceDate "2005.03.29"]

1. e4 e5 2. Nf3 Nc6 3. d4 exd4 4. Nxd4 Bc5 5. Be3 Qf6 6. Nb5 Bxe3 7. fxe3 Qh4+
8. g3 Qxe4 9. Nxc7+ Kd8 10. Nxa8 Qxh1 11. Qd6 Nf6 12. Nd2 Qd5 13. Qc7+ Ke7 14.
O-O-O Qe6 15. e4 Qe5 16. Bg2 Rd8 17. Nc4 Qxc7 18. Nxc7 d6 19. Nb5 Ne8 20. e5
dxe5 21. Rxd8 Kxd8 22. Bxc6 bxc6 23. Nxa7 Bb7 24. Nxe5 Kc7 25. Kd2 Nd6 26. Kd3
f6 27. Nexc6 Bxc6 28. Nxc6 Kxc6 29. a4 Kc5 30. c3 Nc4 31. b4+ Kd5 32. a5 Ne5+
33. Ke3 g6 34. h3 Kc4 35. Kd2 Nc6 36. g4 Na7 37. h4 Nb5 38. a6 Na7 39. h5 Nb5
40. hxg6 hxg6 41. Kc2 Na7 42. Kd2 Nc6 43. Ke3 Kb5 44. Ke4 Kxa6 45. Kd5 Ne7+ 46.
Kd6 f5 47. gxf5 gxf5 48. Ke5 Kb5 49. Kf4 Kc4 50. Ke5 Kd3 51. Kf4 Kc4 52. Ke5
Kb5 53. Kf4 Kc6 54. Ke5 Kb6 55. Kf4 Kb5 56. Ke5 Kc4 57. Kf4 Kd5 58. b5 Ke6 59.
c4 Kf6 60. c5 Nd5+ 61. Kf3 Ke5 62. b6 Ne7 63. b7 Nc6 64. Ke3 f4+ 65. Kf3 Kf5
66. Kf2 Ke4 67. Ke2 f3+ 68. Kf2 Kf4 69. Kf1 Ke3 70. Ke1 f2+ 71. Kf1 Nb8 0-1

[Event "Campeonato Absoluto de Catalunya 2005"]
[Site "Barcelona ESP"]
[Date "2005.03.24"]
[Round "5.9"]
[White "Gonzalez Garcia, Jose"]
[Black "Ridameya Tatche, Jose"]
[Result "1-0"]
[WhiteElo "2470"]
[BlackElo "2116"]
[PlyCount "89"]
[EventDate "2005.03.20"]
[EventType "swiss"]
[EventRounds "9"]
[EventCountry "ESP"]
[Source "lmi"]
[SourceDate "2005.03.29"]

1. d4 e6 2. e4 d5 3. Nd2 f5 4. exf5 exf5 5. Bd3 Nc6 6. Ndf3 Bd6 7. Nh3 Nf6 8.
O-O O-O 9. c4 Nb4 10. c5 Be7 11. Bb5 c6 12. Be2 a5 13. Nf4 Ne4 14. a3 Na6 15.
Nd3 Nc7 16. Bf4 Ne6 17. Be5 N6g5 18. Nxg5 Bxg5 19. f3 Nd2 20. Re1 Nc4 21. Bf4
a4 22. Bxg5 Qxg5 23. f4 Qf6 24. Ne5 Nxe5 25. dxe5 Qe7 26. Qd4 Be6 27. Rac1 Ra5
28. Qb4 Rfa8 29. Bd3 g6 30. Be2 h6 31. Red1 R5a7 32. Rd4 Kh7 33. Qc3 Qh4 34.
Rb4 Qe7 35. Qd4 g5 36. Bd3 Ra5 37. fxg5 Rg8 38. gxh6 Rc8 39. Qh4 Qxh4 40. Rxh4
Rg8 41. Kf2 Rg5 42. Rb4 Ra7 43. h4 Rg8 44. g4 Kxh6 45. gxf5 1-0

[Event "Campeonato Absoluto de Catalunya 2005"]
[Site "Barcelona ESP"]
[Date "2005.03.24"]
[Round "5.10"]
[White "Gual Pascual, Antonio"]
[Black "Torrecillas Gonzalez, Antonio"]
[Result "1-0"]
[WhiteElo "2421"]
[BlackElo "2104"]
[PlyCount "57"]
[EventDate "2005.03.20"]
[EventType "swiss"]
[EventRounds "9"]
[EventCountry "ESP"]
[Source "lmi"]
[SourceDate "2005.03.29"]

1. d4 Nf6 2. c4 e6 3. Nc3 d5 4. cxd5 exd5 5. Bg5 Be7 6. e3 c6 7. Bd3 O-O 8. Qc2
Nbd7 9. Nf3 Re8 10. O-O Nf8 11. Rae1 Ne4 12. Bxe7 Qxe7 13. Bxe4 dxe4 14. Nd2 f5
15. f3 exf3 16. Nxf3 Be6 17. e4 fxe4 18. Rxe4 Qd8 19. Rfe1 Rc8 20. R1e3 Rc7 21.
Qe2 Qf6 22. Re5 h6 23. Ne4 Qg6 24. Nh4 Qh7 25. Nc5 Qb1+ 26. Kf2 Rf7+ 27. Nf3
Qxa2 28. Nxe6 Ng6 29. R5e4 1-0

[Event "Campeonato Absoluto de Catalunya 2005"]
[Site "Barcelona ESP"]
[Date "2005.03.25"]
[Round "6.1"]
[White "Moskalenko, Viktor"]
[Black "Barrientos, Sergio"]
[Result "0-1"]
[WhiteElo "2530"]
[BlackElo "2432"]
[PlyCount "74"]
[EventDate "2005.03.20"]
[EventType "swiss"]
[EventRounds "9"]
[EventCountry "ESP"]
[Source "lmi"]
[SourceDate "2005.03.29"]

1. d4 d5 2. c4 c6 3. Nf3 Nf6 4. Nc3 e6 5. e3 Nbd7 6. Bd3 dxc4 7. Bxc4 b5 8. Bd3
Bb7 9. O-O a6 10. e4 c5 11. d5 Qc7 12. b3 Bd6 13. dxe6 fxe6 14. Bxb5 O-O 15.
Bxd7 Nxd7 16. Bb2 Nf6 17. Qe2 Nh5 18. Rad1 Rad8 19. g3 Qf7 20. Ng5 Qg6 21. Nxe6
Qxe6 22. Qxh5 Be5 23. Qe2 Bd4 24. Na4 Qxe4 25. Qxe4 Bxf2+ 26. Kg2 Bxe4+ 27. Kh3
Rde8 28. Rd2 Bf5+ 29. Kg2 Be3 30. Rdd1 h5 31. h4 c4 32. Ba3 Rf7 33. Kh2 cxb3
34. axb3 Bc2 35. Rxf7 Bxd1 36. Rb7 Bd4 37. Kg2 Re1 0-1

[Event "Campeonato Absoluto de Catalunya 2005"]
[Site "Barcelona ESP"]
[Date "2005.03.25"]
[Round "6.2"]
[White "Granados Gomez, Manuel"]
[Black "Muñoz Pantoja, Miguel"]
[Result "1/2-1/2"]
[WhiteElo "2414"]
[BlackElo "2424"]
[PlyCount "84"]
[EventDate "2005.03.20"]
[EventType "swiss"]
[EventRounds "9"]
[EventCountry "ESP"]
[Source "lmi"]
[SourceDate "2005.03.29"]

1. d4 c5 2. c3 Nf6 3. Nf3 e6 4. Bg5 d5 5. e3 Nc6 6. Nbd2 h6 7. Bh4 Bd7 8. Bd3
cxd4 9. exd4 Be7 10. O-O Nh5 11. Bxe7 Qxe7 12. Re1 O-O 13. Ne5 Nf4 14. Bf1 Nxe5
15. dxe5 f6 16. Nf3 Ng6 17. Qd4 b6 18. Bd3 Nxe5 19. Nxe5 fxe5 20. Rxe5 Qf6 21.
Rae1 Qf4 22. Qxf4 Rxf4 23. g3 Rf6 24. f4 g6 25. h4 h5 26. c4 dxc4 27. Bxc4 Kf7
28. Rd1 Ke7 29. Kf2 Rc8 30. Bd3 Be8 31. Ke3 Rf8 32. Re4 Rf5 33. Bc4 Bf7 34. b4
a5 35. a3 axb4 36. axb4 Ra8 37. Red4 Ra3+ 38. R1d3 Rxd3+ 39. Bxd3 e5 40. fxe5
Rxe5+ 41. Kf4 Kf6 42. Be4 Rb5 1/2-1/2

[Event "Campeonato Absoluto de Catalunya 2005"]
[Site "Barcelona ESP"]
[Date "2005.03.25"]
[Round "6.3"]
[White "Gonzalez Garcia, Jose"]
[Black "Panelo, Marcelo"]
[Result "1/2-1/2"]
[WhiteElo "2470"]
[BlackElo "2379"]
[PlyCount "64"]
[EventDate "2005.03.20"]
[EventType "swiss"]
[EventRounds "9"]
[EventCountry "ESP"]
[Source "lmi"]
[SourceDate "2005.03.29"]

1. d4 d5 2. c4 e6 3. Nc3 c6 4. e3 Nf6 5. Nf3 Nbd7 6. Qc2 Bd6 7. Be2 O-O 8. O-O
Qe7 9. c5 Bb8 10. e4 e5 11. exd5 cxd5 12. Bg5 exd4 13. Nxd5 Qxc5 14. Qxc5 Nxc5
15. Bxf6 gxf6 16. Rfc1 Bd6 17. Nxd4 Be5 18. Rxc5 Bxd4 19. Rb5 Be6 20. Nc7 Rac8
21. Rxb7 Rb8 22. Rxb8 Rxb8 23. Nxe6 fxe6 24. Bc4 Rxb2 25. Bxe6+ Kf8 26. Rf1 a5
27. a4 Re2 28. Bc4 Rb2 29. g3 Rc2 30. Bb5 Ra2 31. Kg2 Ra1 32. Rxa1 Bxa1 1/2-1/2